Психология труда: пер. со словац.

Bibliografische gegevens
Andere auteurs: Платонов К. К. Константин Константинович (редактор)
Samenvatting:В книге, написанной коллективом чехословацких ученых, освещаются теоретические и практические проблемы психологии труда в условиях современного промышленного производства. Авторы рассказывают о психологических аспектах профессионального отбора, обучения и повышения квалификации кадров для разных профессий и видов деятельности в зависимости от психического склада и работоспособности работников. На основе анализа колебаний производительности труда, обусловленных физическим и психическим утомлением людей в процессе работы, даются общие принципы определения режима труда и отдыха.
Taal:Russisch
Gepubliceerd in: Москва, Профиздат, 1979
Onderwerpen:
Formaat: Boek
KOHA link:https://koha.lib.tpu.ru/cgi-bin/koha/opac-detail.pl?biblionumber=20959

MARC

LEADER 00000nam0a2200000 4500
001 20959
005 20231101205406.0
035 |a (RuTPU)RU\TPU\book\21150 
035 |a BOOK00005839 
090 |a 20959 
100 |a 20011209d1979 k y0rusy50 ca 
101 1 |a rus  |c slx 
102 |a RU 
105 |a y z 001zy 
200 1 |a Психология труда  |e пер. со словац.  |f под ред. К. К. Платонова 
210 |a Москва  |c Профиздат  |d 1979 
215 |a 216 с. 
320 |a Библиогр.: с. 211-215. 
330 |a В книге, написанной коллективом чехословацких ученых, освещаются теоретические и практические проблемы психологии труда в условиях современного промышленного производства. Авторы рассказывают о психологических аспектах профессионального отбора, обучения и повышения квалификации кадров для разных профессий и видов деятельности в зависимости от психического склада и работоспособности работников. На основе анализа колебаний производительности труда, обусловленных физическим и психическим утомлением людей в процессе работы, даются общие принципы определения режима труда и отдыха. 
610 1 |a психология 
610 1 |a труд 
610 1 |a производственное обучение 
610 1 |a профориентация 
610 1 |a инженерная психология 
610 1 |a травматизм 
686 |a Ю9  |v LBC/SL-A  |2 rubbk 
702 1 |a Платонов  |b К. К.  |c российский психолог  |c доктор психологических наук  |f 1906-1984  |g Константин Константинович  |2 stltpush  |3 (RuTPU)RU\TPU\pers\16784  |4 340  |9 6062 
801 0 |a RU  |b 63413507  |c 20011209  |g PSBO 
801 2 |a RU  |b 63413507  |c 20201211  |g PSBO 
900 |a Психодиагностика 
942 |c BK